000 00834nam a2200229 a 4500
001 72755
003 BD-RjUL
005 20211209082315.0
008 170523s1967 enka 000 0 eng d
035 _a(BD-RjUL)
040 _aDLC/ICU
_cICU
_d(BD-RjUL)72973
_beng
041 _aeng
082 0 0 _223
_a582.13
_bHUK 1967
100 1 _aHutchinson, J.
_q(John),
_d1884-1972.
_9214852
245 1 0 _aKey to the families of flowering plants of the world :
_bRevised and enlarged for use as a supplement to The genera of flowering plants /
_c[by] J. Hutchinson.
260 _aOxford :
_bClarendon Press,
_cc1967.
300 _a[8], 117 p. :
_bill. ;
_c24 cm.
500 _aOriginally published as Key to families included in The families of flowering plants. 1959.
650 0 _aAngiosperms
_9215218
942 _2ddc
_cBK
999 _c72755
_d72755